000 00743nam a2200205Ii 4500
001 13405
003 CO-ViMGA
008 241108s9999||||xx |||||||||||||| ||und||
040 _aCO-ViMGA
_bspa
_erda
_cCO-ViMGA
041 0 _aspa
082 0 4 _aF.FC 301.4243 - C15p
100 1 _aCámara de Comercio de Bogotá
_99921
245 1 0 _aLa prostitución infantil y la adolescente en el centro de Santefé de Bogotá:
_bUn ensayo de investigación social urbana
264 1 _aBogotá, Colombia : Taller de Publicaciones Cámara de Comercio de Bogotá, 1993
300 _avolumen
336 _atext
_btxt
_2rdacontent
337 _aunmediated
_bn
_2rdamedia
338 _avolume
_bnc
_2rdacarrier
940 _aidficha_siabuc: 13107. -- ficha_no_siabuc:13405
999 _c39841
_d39841